000 00559nam a22001937a 4500
003 OSt
005 20150126164134.0
008 141222b xxu||||| |||| 00| 0 eng d
020 _a84-7080-595-9
040 _cBMC
082 _a808.831460906
100 1 _aRobles, Antonio
_929803
245 1 0 _aCuentos de los juguetes vivos
_nI
_cAntonio Robles
260 _aBarcelona
_bLa Gaya Ciencia
_c1977
300 _a94 p., 1 h.
_bil.
_c18 cm
490 _aMoby Dick
_aBiblioteca de bolsillo junior
_v95
650 2 4 _920925
_aCuentos espaƱoles
_yS.XX
942 _2ddc
_cBK
999 _c17047
_d17047